01488cam a2200361 a 45000010005000000030006000050050017000110080041000280100017000690200036000860200033001220200018001550350024001730350021001970400074002180500016002920820010003081000027003182450084003452500041004292600035004703000023005055050007005285200256005355210018007915210018008096500040008276500034008679060045009019420015009469990015009619520150009765956FISKH20250211111129.0071203s2008 nyu c 000 1 eng  a 2007042957 a9781423101468 (reinforced bdg.) a1423101464 (reinforced bdg.) a9780545799041 a(OCoLC)ocn180753884 a(OCoLC)180753884 aDLCcDLCdIG#dBTCTAdBAKERdBIBdUPZdYDXCPdWIQdEHHdB2AdDLCbeng aPZ7.R4829 B00a813.61 aRiordan, Rickd(1964-)14aPercy Jackson and the olympians :bThe battle of the Labyrinth /cRick Riordan. aThis edition first published in 2009 aNew York :bScholastic,c2008. a361 pages :c20 cm aN  aWhen demonic cheerleaders invade his high school, Percy Jackson hurries to Camp Half Blood, from whence he and his demigod friends set out on a quest through the Labyrinth, while the war between the Olympians and the evil Titan lord Kronos draws near.8 a590 bLexile 8 aN bRaz-Plus  0aMythology, GreekvJuvenile fiction. 0aLabyrinthsvJuvenile fiction. a7bcbccorignewd1eecipf20gy-gencatlg 2ddccBKn0 c5956d5956 00102ddc40708JUVFa001b002cTTP Yellow d2025-02-11l1oRIO 813.6 PZ7.R4829 Bp2025-0502r2025-09-03 11:32:40s2025-08-20t1w2025-02-11yBK